Emisné kvóty - obchodovanie a účtovanie
Podstata skleníkového javu. Medzinárodné spoločenstvo proti globálnemu otepľovaniu. Kjótsky protokol. Európsky trh s emisnými kvótami. Európsky systém obchodovania s emisiami (EU ETS). Nové úpravy EÚ od roku 2008. Národné alokačné plány (NAP). Národný register emisných kvót SR (NAP SR). Zúčtovacie s...
Salvato in:
| Autore principale: | |
|---|---|
| Altri autori: | |
| Natura: | Capitolo di libro |
| Lingua: | slovacco |
| Soggetti: | |
| Tags: |
Nessun Tag, puoi essere il primo ad aggiungerne!!
|
MARC
| LEADER | 00000naa$a2200000$$$4500 | ||
|---|---|---|---|
| 001 | 0098277 | ||
| 005 | 20231120114107.5 | ||
| 041 | 0 | |a slo | |
| 044 | |a SK | ||
| 245 | 1 | 0 | |a Emisné kvóty - obchodovanie a účtovanie |c Alžbeta Suhányiová, Ladislav Suhányi |
| 520 | |a Podstata skleníkového javu. Medzinárodné spoločenstvo proti globálnemu otepľovaniu. Kjótsky protokol. Európsky trh s emisnými kvótami. Európsky systém obchodovania s emisiami (EU ETS). Nové úpravy EÚ od roku 2008. Národné alokačné plány (NAP). Národný register emisných kvót SR (NAP SR). Zúčtovacie stredisko Komoditnej burzy. Účtovné aspekty emisných kvót. Rezerva na emisné kvóty. Obchodovateľné obdobie. Právna úprava účtovníctva. | ||
| 610 | 2 | 0 | |a emisie |
| 610 | 2 | 0 | |a kvóty |
| 610 | 2 | 0 | |a efekt skleníkový |
| 610 | 2 | 0 | |a obchod |
| 610 | 2 | 0 | |a účtovanie |
| 610 | 2 | 0 | |a trh spoločný |
| 610 | 2 | 0 | |a úpravy právne |
| 610 | 2 | 0 | |a Európska únia |
| 610 | 2 | 0 | |a Slovensko |
| 100 | 1 | |a Suhányiová, Alžbeta | |
| 700 | 1 | |a Suhányi, Ladislav | |